00633nam a22002297a 450000500170000001000130001702000100003003500130004003700160005304000120006908200180008110000200009924500580011924600420017726000460021927000290026530000200029465000230031465000280033765000200036565000180038520170123162325.0 aA-905756 c50.00 aA-905756 bCen Lib/Ret aDPLbUR aکbر ا م  aرام پال  aاپنے مہن میان مٹھو /cرام پال  aApne munh miyan mithoo /bby Ram Pal  aنیی دہلی bاردو اکادمی  bنیی دہلی e110002 a176p.c21cm(Hb) aاردو ادب  aاردو افسانے  aUrdu Literature aUrdu stories